000 00207nam a2200097Ia 4500
008 240331s9999 xx 000 0 und d
082 _bSEN
100 _aSenanayake,S
245 0 _aMawakage geethaya
942 _cL
999 _c4923
_d4923